000 00681cam a2200193 4500
001 WB3711-07
008 000000n2001 000 0 eng u
035 _a(Sirsi) u111440
245 _aBetter protection for conservation areas
260 _c2001
490 _aDETR News Release
_v(134) 13 March 2001, 2(1)
520 _aConsent will now be needed to demolish some key features in conservation areas; this will reduce the threat the character of such areas.
590 _aWB
650 _aPLANNING CONSENT
650 _aCONSERVATION AREAS
650 _aDEMOLITION
690 _aBUILT ENVIRONMENT-BUILDING MAINTENANCE AND REFURBISHMENT-BUILDING CONSERVATION
942 _n0
999 _c66397
_d66397